| 000 -LEADER |
| fixed length control field |
00427nam a22001577a 4500 |
| 020 ## - INTERNATIONAL STANDARD BOOK NUMBER |
| ISBN |
9789380511139 |
| 082 ## - DEWEY DECIMAL CLASSIFICATION NUMBER |
| Classification number |
H4 |
| Item number |
ABH/B |
| 100 ## - MAIN ENTRY--AUTHOR NAME |
| Personal name |
Abhimanyu Sadashiv Bikkad |
| 245 ## - TITLE STATEMENT |
| Title |
Baje payliya ke ghunghroo ka sameekshatmak adhyayan/ |
| Statement of responsibility, etc |
by Abhimanyu Sadashiv Bikkad |
| 260 ## - PUBLICATION, DISTRIBUTION, ETC. (IMPRINT) |
| Place of publication |
Bajrangnagar: |
| Name of publisher |
Samtha, |
| Year of publication |
2012. |
| 300 ## - PHYSICAL DESCRIPTION |
| Number of Pages |
80p. |
| 650 ## - SUBJECT ADDED ENTRY--TOPICAL TERM |
| Topical Term |
Essays Hindi |
| 650 ## - SUBJECT ADDED ENTRY--TOPICAL TERM |
| Topical Term |
Literature Hindi |
| 650 ## - SUBJECT ADDED ENTRY--TOPICAL TERM |
| Topical Term |
Literature |
| 942 ## - ADDED ENTRY ELEMENTS (KOHA) |
| Koha item type |
Book |